Созвездие злобных псов: роман

Bibliographische Detailangaben
1. Verfasser: Трофимов Е. Ерофей
Zusammenfassung:Цикл "Гладиатор"
...Уничтожив эскадру леобов, земляне отстояли свою свободу, но теперь остатки цивилизации оказались перед новой проблемой. Ведь из глубины космоса к Земле движется новая армада кораблей, на бортах которых находятся остатки расы инопланетян, мечтающих получить новую планету в своё безраздельное пользование. А значит, над командой "гладиаторов" нависла смертельная угроза...
Sprache:Russisch
Veröffentlicht: Москва, АСТ, 2016
Schriftenreihe:Боевая фантастика
Schlagworte:
Format: MixedMaterials Buch
KOHA link:https://koha.lib.tpu.ru/cgi-bin/koha/opac-detail.pl?biblionumber=341871

MARC

LEADER 00000nam0a2200000 4500
001 341871
005 20231102005407.0
010 |a 9785170980185 
035 |a (RuTPU)RU\TPU\book\370167 
090 |a 341871 
100 |a 20181029d2016 m y0rusy50 ca 
101 0 |a rus 
102 |a RU 
105 |a y z 000ay 
200 1 |a Созвездие злобных псов  |e роман  |f Е. Трофимов 
210 |a Москва  |c АСТ  |d 2016 
215 |a 416 с. 
225 1 |a Боевая фантастика 
300 |a Цикл "Гладиатор" 
330 |a ...Уничтожив эскадру леобов, земляне отстояли свою свободу, но теперь остатки цивилизации оказались перед новой проблемой. Ведь из глубины космоса к Земле движется новая армада кораблей, на бортах которых находятся остатки расы инопланетян, мечтающих получить новую планету в своё безраздельное пользование. А значит, над командой "гладиаторов" нависла смертельная угроза... 
606 1 |a Русская литература современная  |2 stltpush  |3 (RuTPU)RU\TPU\subj\26373  |9 50316 
610 1 |a фантастика 
610 1 |a романы 
610 1 |a приключения 
610 1 |a фэнтези 
675 |a Р2  |v 4 
700 1 |a Трофимов  |b Е.  |g Ерофей 
801 1 |a RU  |b 63413507  |c 20181029 
801 2 |a RU  |b 63413507  |c 20181122  |g RCR 
942 |c BK